| 000 | 01429nam a22002537a 4500 | ||
|---|---|---|---|
| 999 |
_c8483 _d8483 |
||
| 003 | AR-CdUCM | ||
| 008 | 190325b ||||| |||| 00| 0 spa d | ||
| 020 | _a9786120023761 | ||
| 040 |
_aMUNICIPALIDAD PROVINCIAL DEL CUSCO _cBIBLIOTECA MUNICIPAL DEL CUSCO |
||
| 082 |
_a338.985142 / _bEL95 |
||
| 100 |
_aElías Minaya, José Fernando _923787 |
||
| 245 |
_aEstudios económicos y socioculturales de los valles de Coina y Chuquizongo _cJosé F. Elías Minaya; Heider Escalante Gómez |
||
| 260 |
_aLa Libertad : _b[Multigráfica Burgos], _c2016. |
||
| 300 |
_aXVI, 408 páginas; _bilustración, fotografías, cuadros ; _c21 cm. |
||
| 505 | _aContenido: Aproximación para construir una propuesta de un modelo de investigación y promoción del desarrollo interdisciplinario y transdisciplinario en ámbitos rurales -- Investigación científica y promoción del desarrollo en los valles de Coina y Chuquizongo en el marco del modelo de intervención interdisciplinaria e interinstitucional en ámbitos rurales ... | ||
| 650 |
_aDesarrollo económico - Perú - La Libertad. _923788 |
||
| 650 |
_aDesarrollo agrícola - Perú - La Libertad. _923789 |
||
| 650 |
_aDesarrollo rural - Perú - La Libertad. _923790 |
||
| 650 |
_aCondiciones económicas - Coina - Chuquizongo _923791 |
||
| 650 |
_aCondiciones sociales - Otuzco _923792 |
||
| 700 |
_aEscalante Gómez, Heider _923793 |
||
| 942 |
_2ddc _cLIBROS |
||
| 945 | _alccs | ||